01254cam a2200289 i 4500001001000000003001000010005001700020007000300037008004100040010001700081020001600098040004500114041000800159082002100167100002700188245007600215264005500291264001100346300002800357336002700385337003300412338002800445504006200473505039600535563001400931650001900945768714001CO-MdFUSB20250529110636.0ta900911t1990 ilu b 000 0 eng  a 90049047  a0830817395  aDLCcCO-MdFUSBdDLCdCO-MdFUSBbspaerda aeng00223a248.47bR9391 aRuncorn, David.eautor12aA center of quiet : bhearing God when life is noisy c/ David Runcorn. 1aDowners Grove, Ill. :bInterVarsity Press,c[1990] 4c©1990 a144 páginas ;c21 cm. 2rdacontentatextobtxt 2rdamediaasin mediaciónbn 2rdacarrieravolumenbnc aIncluye referencias bibliográficas (páginas. 140-144) aParte 1. La llamada a la soledad. Estar solo - Con todo mi ser - Conocer nuestro mundo - Volver al corazón - Parte II. La compañía del silencio. Una preferencia por el desierto - El vacío temeroso - Búhos rellenos y salas de espera - Polvo y gloria - Parte III. En medio de la vida. El lenguaje de los locos - La palabra que salta - Con la gente en tu corazón - Tesoro escondido. aRústico 0aVida cristiana